000 01010aaa a2200289 4500
003 OSt
005 20230704144913.0
007 ta
008 230703b2015 mx a||||r|||| 001 0 s d
020 _a9786071721235
040 _cCHAP
082 0 0 _222
_a633.1041
_bC96 2015
245 0 0 _aCultivos básicos /
_cbasado en el trabajo de Johan D. Berlijn ; colaboración F. R. Kirchner Salinas...[y otros dos]
250 _aCuarta edición.
264 1 _aMéxico :
_bTrillas,
_c2015.
300 _a96 páginas :
_bIlustraciones.
490 1 _aManuales para educación agropecuaria
_vProducción vegetal
504 _aBibliografía página 95
650 4 _9140220
_aSuelos
_xFertilidad
650 4 _964303
_aLabranza
650 4 _9144655
_aLeguminosas
_x Cultivo
650 4 _9187519
_aCereales
_xCultivo
700 1 _9151764
_aBerlijin, Johan D
700 1 _9131124
_aKirchner Salinas, F. R.
_eColaborador
830 _9142161
_aManuales para educación agropecuaria
_vProducción vegetal
942 _cLibro
_2ddc
999 _c218247
_d218247